[Event "Emanuel Lasker Open 2017"]
[Site "Gorzow"]
[Date "2017.06.20"]
[Round "9"]
[White "Ivanov, Mikhail M"]
[Black "Kubicka, Anna"]
[Result "1-0"]
[WhiteElo "2425"]
[BlackElo "2168"]
[Annotator "TA"]
[PlyCount "115"]
[EventDate "2017.??.??"]
[EventType "swiss"]
[EventCountry "POL"]
[SourceTitle "playchess.com"]
[Source "ChessBase"]
[SourceQuality "1"]

{[%evp 18,115,2,8,16,0,0,0,0,-3,0,0,-2,-12,-8,-22,-1,-4,-6,-24,-26,-29,-43,-13,55,0,39,-84,-75,-72,-59,-125,-37,-190,0,0,0,0,0,0,0,0,0,0,0,0,326,323,335,341,341,335,334,334,334,334,334,334,334,334,322,324,293,210,285,307,460,334,420,304,334,331,717,679,720,722,677,685,702,640,1385,1291,966,942,4610,4542,12839,5422,29981,29980,29980,29981,29981,1875,29982,29983,29983,29984,29984,29985]} 1. c4 e5 2. b3 d6 3. Bb2 Nf6 4. g3 g6 5. Bg2 Bg7 6. Nc3 O-O 7. e3 Nbd7 8. Nge2 Re8 {A21: English Opening: 1...e5 2 Nc3} 9. d3 (9. d4 e4 10. Qc2 Qe7 11. h3 h5 12. g4 hxg4 13. hxg4 Nxg4 14. Qxe4 Qxe4 15. Nxe4 Nc5 16. Nxc5 dxc5 17. Bc3 cxd4 18. Bxd4 {½-½ (52) Meijers,V (2458)-Haba,P (2547) Erbendorf 2009}) 9... c6 10. O-O {LiveBook: 3 Games} a5 {The position is equal.} 11. a3 Nc5 $146 ({Predecessor:} 11... Nf8 12. e4 {½-½ (12) Nielsen,P (2235)-Sorensen,T (2345) Aarhus 1989}) 12. b4 axb4 13. axb4 Rxa1 14. Bxa1 Ne6 15. Ne4 Nxe4 16. dxe4 Ng5 17. h4 Ne6 $1 18. Qd2 g5 19. hxg5 Nxg5 20. f3 Re6 (20... Qf6 $11) 21. Bc3 (21. f4 $14) 21... Rh6 22. f4 (22. Ra1 $14 {keeps the upper hand.}) 22... Nh3+ $17 23. Bxh3 Bxh3 24. Ra1 ({White should play} 24. Rf2 $1 $15) 24... Qc8 (24... Bg4 $17 25. Qd3 Qc8) 25. f5 $2 (25. c5 $15 dxc5 26. bxc5) 25... Bxf5 $2 (25... Qd8 $19 {Threatens to win with ...Qg5.} 26. c5 Bg4) 26. exf5 $11 Qxf5 {( -> ...Qf3)} 27. e4 {Intending Ra8+ and mate.} Qh5 {...Qh1+ is the strong threat.} 28. Ra8+ Bf8 29. Kf2 {[%cal Bg1f2,Bf2f3,Bf3g2][%mdl 32] aiming for Bxe5!} Rf6+ 30. Nf4 {And now Kg2 would win.} Qh2+ 31. Kf3 Qxd2 $4 {[%mdl 8192]} (31... Qh1+ $11 {and Black has nothing to worry.} 32. Qg2 Qd1+ 33. Qe2 Qh1+ 34. Kf2 (34. Kg4 $2 Rg6+ 35. Kf5 exf4 $19) 34... Qh2+ 35. Kf3 Qh3) 32. Bxd2 $18 exf4 33. gxf4 $11 {[%cal Bg3f4,Bf4f5][%mdl 4128] Endgame Hoping for f5. KRB-KRB} Rh6 34. f5 $1 Rh1 35. Kg2 Rh4 {[#]} 36. Kg3 $1 {[%cal Rg3h4]} Rh1 {[#]} 37. Bf4 $1 {[%cal Rf4d6]} Kg7 {[#]} 38. f6+ $1 {[%mdl 512]} Kxf6 39. Rxf8 $18 {KRB-KR} Rd1 40. c5 dxc5 41. bxc5 Rd4 (41... Kg7 $142) 42. Kf3 Rb4 43. Bc7 h5 44. Rh8 Kg5 $2 (44... Kg6 45. Bf4 Rb3+ 46. Be3 Kf6 47. Rh6+ Ke7 48. Rxh5 Kf6) 45. Bf4+ Kf6 46. Be3 Ke6 47. Rxh5 Rb3 48. Kf4 Rd3 49. Rh6+ Ke7 50. e5 Rc3 51. Ke4 Rc4+ 52. Kf5 {White wants to mate with Rd6.} Rc2 53. Bg5+ Ke8 54. Rh8+ Kd7 55. Rd8+ Kc7 56. Rd2 {White mates.} Rxc5 57. Bd8+ Kc8 58. Bb6 {Precision: White = 60%, Black = 43%.} 1-0

[Event "Emanuel Lasker Open 2017"]
[Site "Gorzow"]
[Date "2017.06.20"]
[Round "9"]
[White "Janik, Igor"]
[Black "Sabuk, Piotr"]
[Result "0-1"]
[WhiteElo "2422"]
[BlackElo "2368"]
[Annotator "TA"]
[PlyCount "98"]
[EventDate "2017.??.??"]
[EventType "swiss"]
[EventCountry "POL"]
[SourceTitle "playchess.com"]
[Source "ChessBase"]
[SourceQuality "1"]

{[%evp 16,98,29,25,29,16,27,-12,0,-81,-70,-100,-105,-103,-103,-104,-93,-76,-67,-79,-17,-78,0,-110,-112,-123,-126,-166,-149,-152,-154,-147,-147,-145,-118,-111,-118,-120,-118,-122,-120,-175,-175,-177,-173,-168,-170,-180,-125,-133,-128,-141,-121,-150,-144,-119,-118,-189,-198,-247,-149,-425,-370,-361,-222,-219,-172,-170,-166,-190,-156,-343,-342,-342,-26,-29976,-29977,-29973,-5073,-29978,-29979,-29980,-29980,-29976,-29976]} 1. e4 e5 2. Nf3 Nc6 3. Bb5 Nge7 4. O-O g6 5. c3 a6 6. Ba4 Bg7 7. d4 exd4 8. cxd4 O-O 9. Nc3 b5 {C60: Ruy Lopez: Unusual Black 3rd moves and 3...g6} 10. Bc2 b4 (10... d6 11. h3 h6 12. Be3 f5 13. exf5 Bxf5 14. d5 Nb4 15. Bxf5 Rxf5 16. Nh4 {1-0 (54) Zhigalko,S (2656)-Morozevich,A (2711) Berlin 2015}) 11. Na4 $146 ({Predecessor:} 11. Ne2 d5 12. Be3 dxe4 13. Bxe4 Bf5 14. Bxf5 Nxf5 15. Rc1 Qe8 16. Qd2 Rd8 17. Rc4 Nxe3 18. fxe3 Bh6 19. Nf4 g5 20. Qc1 {½-½ (20) Kochemasov,A (2499)-Pligin,S (2495) ICCF email 2012}) 11... d5 $1 {The position is equal.} 12. Bg5 (12. Ne5 $11) 12... Bg4 $17 13. e5 f6 14. exf6 Bxf6 15. Be3 Bg7 16. Nc5 Qd6 17. Rc1 Bh5 (17... Rf7 $17 18. Ba4 Na5) 18. Nb7 (18. Re1 $11 {remains equal.}) 18... Qd7 (18... Qe6 $17 {And now ...Qc8 would win.} 19. Nc5 Qd6) 19. Nc5 (19. Ba4 $1 $11 {keeps the balance.}) 19... Qc8 $1 20. Bd3 Rxf3 $1 21. gxf3 Qh3 $1 22. Be2 Nf5 $36 {[%mdl 2048] Black is on the roll.} 23. Nd3 Ncxd4 24. Nf4 {[#]} Bxf3 $1 {[%mdl 512] ( -> ...Qg4+)} 25. Nxh3 Nxe2+ 26. Qxe2 Bxe2 27. Rfe1 Bg4 ({Inferior is} 27... Bxb2 28. Rxe2 Bxc1 29. Bxc1 $14) 28. Ng5 (28. Nf4 $17 {was necessary.}) 28... Bxb2 $19 29. Rxc7 h6 $1 {[%cal Rh6g5]} 30. Nf7 Bc3 31. Rc1 g5 $1 32. Bc5 Re8 {...Bh5 is the strong threat.} 33. Rd7 d4 34. Nd6 Nxd6 35. Rxd6 Re4 $1 36. Rb1 (36. f4 $17 {was worth a try.}) 36... a5 {[%cal Ba6a5,Ba5a4,Ba4a3][%mdl 32]} 37. h3 Bxh3 {aiming for ...Be6.} 38. Rxh6 $2 {[%mdl 8192]} (38. f3 $17 {was called for.} Re2 39. Bxd4) 38... Bf5 {White must now prevent ...Rg4+.} 39. Rd1 d3 {Threatens to win with ...d2.} 40. Be3 Rg4+ 41. Kf1 a4 $1 42. f3 Rh4 $1 {[%cal Rh4h6]} 43. Bxg5 $2 (43. Rd6 $17 {was forced.}) 43... Rxh6 44. Bxh6 $17 {[%mdl 4096] Endgame [#] KRB-KB} Be6 $2 (44... b3 $1 $19 {[%cal Rb3a2]} 45. axb3 a3) 45. Rxd3 $2 {[%mdl 8192] [#]} (45. Kf2 $11) 45... Bc4 $1 {[%cal Rc4d3]} 46. Ke2 a3 47. Bc1 Bb2 {Black mates.} 48. Bd2 b3 49. axb3 Bxd3+ {Precision: White = 35%, Black = 77%.} 0-1

[Event "Emanuel Lasker Open 2017"]
[Site "Gorzow"]
[Date "2017.06.20"]
[Round "9"]
[White "Kumala, Aleksander"]
[Black "Tomczak, Mikolaj"]
[Result "0-1"]
[WhiteElo "2224"]
[BlackElo "2391"]
[Annotator "TA"]
[PlyCount "88"]
[EventDate "2017.??.??"]
[EventType "swiss"]
[EventCountry "POL"]
[SourceTitle "playchess.com"]
[Source "ChessBase"]
[SourceQuality "1"]

{[%evp 11,88,40,72,39,35,-7,21,-33,-40,-34,0,-14,-3,-6,0,0,0,0,0,-68,-71,-66,-71,-125,-124,-189,-131,-120,-132,-133,-134,-126,-127,-114,-128,-185,-183,-190,-184,-204,-167,-183,-157,-163,-156,-159,-159,-161,-158,-186,-169,-174,-145,-293,-292,-385,-386,-1540,-1531,-1455,-1320,-1283,-1299,-5890,-5365,-5890,-5065,-5512,-5302,-6095,-6083,-6079,-6079,-5479,-5089,-5368,-5289,-10971,-12054]} 1. e4 d6 2. d4 {[%cal Bd2d4,Bd4d5][%mdl 32]} g6 3. h4 Nf6 4. Nc3 Bg7 5. Be2 Nc6 6. h5 gxh5 7. d5 {B07: Pirc Defence: Miscellaneous Systems} (7. f4 e5 8. dxe5 dxe5 9. Qxd8+ Kxd8 10. Nf3 Bg4 11. fxe5 Nd7 12. Nd5 Ndxe5 13. Bf4 Bxf3 14. gxf3 Nd4 {1-0 (47) Jobava,B (2687)-Arutinian,D (2548) Tbilisi 2009}) 7... Ne5 8. Bxh5 c6 9. Nf3 (9. Be2 $11) 9... Nxh5 $146 ({Predecessor:} 9... Ng6 10. dxc6 bxc6 11. Nd4 Qb6 12. Nb3 a5 13. Nd2 Ba6 14. Be2 Ne5 15. Bxa6 Qxa6 {0-1 (46) Reinhardt,W-Grahl,A ICCF corr 1985}) 10. Nxe5 Nf6 {[%cal Bh5f6,Bf6e4,Be4c3][%mdl 32]} 11. Nd3 cxd5 12. exd5 Qa5 13. Bh6 Bxh6 14. Rxh6 Ne4 $36 {[%mdl 2048] Black has some pressure.} 15. Nf4 ({White should play} 15. b4 $11 Nxc3 16. bxa5 Nxd1 17. Rxd1 (17. Kxd1 Rg8 $11)) 15... Nxc3 16. Qd2 Bf5 17. bxc3 (17. Rh5 $142 Bxc2 18. bxc3) 17... Rc8 $17 18. Ne2 (18. Rb1 $17) 18... Rg8 (18... Rc5 $1 $19 19. Kf1 Rg8) 19. Rh5 Bg4 20. Rxh7 Bxe2 $1 21. Kxe2 Qxc3 22. Qxc3 Rxc3 {[%mdl 4096] Endgame KRR-KRR} 23. Kd2 (23. Rc1 $17 {was worth a try.}) 23... Rc5 $19 24. g3 Rxd5+ 25. Ke3 Rc5 26. Kd3 e6 27. Rb1 b6 28. Rb4 Rgg5 {...Rgd5+ is the strong threat.} 29. Rhh4 Ke7 30. c3 Rgf5 31. Rhf4 Rcd5+ 32. Kc2 (32. Ke3 $17) 32... Rxf4 33. Rxf4 {[#]} Rf5 $1 34. Rxf5 $2 (34. Rc4 Rxf2+ 35. Kb3) 34... exf5 {KP-KP. Black is clearly winning.} 35. Kd3 {[#]} d5 $1 36. Ke3 Ke6 37. a4 a6 38. Kf4 Kf6 39. Ke3 Ke5 40. Kd3 Kd6 41. Kd4 f6 42. f3 Kc6 43. Ke3 Kc5 44. Kf4 Kc4 {Precision: White = 30%, Black = 73%.} 0-1

[Event "Emanuel Lasker Open 2017"]
[Site "Gorzow"]
[Date "2017.06.20"]
[Round "9"]
[White "Dzhugryan, Tigran"]
[Black "Simantsev, Mikhail"]
[Result "1/2-1/2"]
[WhiteElo "2176"]
[BlackElo "2486"]
[Annotator "TA"]
[PlyCount "106"]
[EventDate "2017.??.??"]
[EventType "swiss"]
[EventCountry "POL"]
[SourceTitle "playchess.com"]
[Source "ChessBase"]
[SourceQuality "1"]

{[%evp 21,106,2,10,6,35,0,44,27,28,5,3,6,8,-25,-11,-30,-22,-37,-26,-47,-16,-31,4,-24,0,0,0,0,0,-63,-56,-61,-50,-44,-52,-46,-45,-74,44,-80,-90,-185,-168,-156,239,248,248,252,215,98,111,96,88,91,106,66,66,70,68,79,105,56,93,45,50,31,85,31,40,60,116,51,83,79,68,0,32,13,13,0,0,0,0,0,0,0,0]} 1. d4 Nf6 2. Nf3 e6 3. c4 b6 4. a3 Bb7 5. Nc3 d5 6. Bg5 Be7 7. e3 O-O 8. cxd5 exd5 9. Bb5 c6 10. Bd3 Nbd7 11. O-O c5 {LiveBook: 21 Games} 12. Qe2 {E12: Queen's Indian: Unusual White 4th moves, 4 a3, 4 Nc3 Bb7 5 a3 and 4 Nc3 Bb7} (12. dxc5 bxc5 13. Qe2 h6 14. Bh4 Ne4 15. Bxe7 Qxe7 16. Rac1 Rab8 17. Rfd1 Ba8 18. b4 cxb4 19. axb4 Rxb4 {½-½ (35) Gonzalez Perez,A (2467)-Fedorchuk,S (2660) Navalmoral 2013}) 12... a6 13. Rad1 $146 ({Predecessor:} 13. dxc5 bxc5 14. b4 cxb4 15. axb4 Bxb4 16. Qb2 a5 17. Na2 {½-½ (44) Von Herman,U (2424)-Gordon,S (2535) Germany 2010}) 13... Re8 14. Bf5 {White is slightly better.} Qc7 15. Bf4 Bd6 16. Bxd6 Qxd6 17. Rfe1 c4 18. h4 b5 19. Ng5 h6 20. Nh3 Re7 21. Qf3 Rae8 22. Qf4 Qc6 23. g4 g6 24. Bc2 Kg7 25. f3 (25. g5 $11 hxg5 26. hxg5) 25... Nf8 26. Kf2 Qb6 27. g5 hxg5 28. hxg5 Nh5 29. Qh2 Kg8 ({Better is} 29... Ne6 $1 $17) 30. Rh1 (30. Nf4 $14 {keeps the upper hand.} Qd6 31. Rh1 Rxe3 32. Nxh5 Qxh2+ 33. Rxh2 gxh5 34. Bf5) 30... Ne6 $1 $17 ({Much worse is} 30... Rxe3 31. Nf4 $11) 31. Nf4 (31. Rd2 $17) 31... Nexf4 $19 ({Not} 31... Nxg5 $2 32. Qg2 $18 (32. Nxh5 Rxe3 33. Qh4 Rxf3+ 34. Kg2 Qd8 $11)) 32. exf4 {With the idea f5.} Qd6 $2 (32... b4 $17 33. axb4 Qxb4) 33. f5 $18 Qf4 34. Qxf4 Nxf4 35. fxg6 (35. Rh4 $18 {has better winning chances.} Re2+ 36. Nxe2 Rxe2+ 37. Kf1 Rxc2 38. Rxf4 gxf5 39. Rxf5) 35... fxg6 $16 36. Rh4 Rf8 37. Rdh1 Rg7 38. Rh8+ Kf7 39. Ne2 Ne6 $1 40. f4 a5 41. Ke3 b4 $1 42. axb4 axb4 43. Ng1 {Nf3 is the strong threat.} Ke7 {[#]} (43... b3 $14 44. Bb1 Bc6) 44. Rxf8 (44. R8h7 $1 $16) 44... Nxf8 $14 45. Nf3 Bc8 {[#]} ({Black should play} 45... b3 $1 $14 46. f5 gxf5 47. Bxf5 Rf7) 46. Ra1 ({White should try} 46. b3 $1 $16) 46... Kd6 47. Ra8 Kc7 48. f5 (48. b3 $14) 48... gxf5 49. Bxf5 Re7+ {The position is equal.} 50. Kf4 Bxf5 51. Ra7+ ({Much weaker is} 51. Rxf8 Be4 $17) 51... Kd8 52. Rxe7 Kxe7 53. Kxf5 Ne6 {Precision: White = 27%, Black = 46%.} 1/2-1/2

[Event "Emanuel Lasker Open 2017"]
[Site "Gorzow"]
[Date "2017.06.20"]
[Round "9"]
[White "Balinski, Damian"]
[Black "Voloshin, Leonid"]
[Result "*"]
[WhiteElo "2171"]
[BlackElo "2389"]
[Annotator "TA"]
[PlyCount "118"]
[EventDate "2017.??.??"]
[EventType "swiss"]
[EventCountry "POL"]
[SourceTitle "playchess.com"]
[Source "ChessBase"]
[SourceQuality "1"]

{[%evp 9,118,29,70,28,33,22,32,6,27,28,37,23,32,18,23,-3,0,-11,-8,-7,0,-18,-25,-24,-18,-25,-17,-33,-38,-22,-18,-23,-18,-89,0,-34,-27,-24,-32,-25,-8,-28,0,0,11,0,0,0,26,0,0,0,0,0,0,0,0,0,0,0,0,0,0,-14,-12,-11,-13,-13,0,0,0,0,0,0,0,-12,-12,-15,-21,-20,-19,-23,-23,-145,-95,-168,-37,-37,-23,-27,0,-43,14,-33,-32,-32,-35,-258,0,0,0,0,0,0,0,0,0,0,0,0,0]} 1. c4 d6 2. g3 c5 (2... g6 3. Bg2 Bg7 4. d4 Nf6 5. Nf3 O-O 6. O-O Nbd7 7. Nc3 e5 8. b3 Re8 9. e4 exd4 10. Nxd4 Nc5 11. f3 c6 12. Be3 Qe7 13. Re1 Nfd7 14. Qc2 Ne5 15. Rad1 a5 16. h3 g5 17. Nf5 Bxf5 18. exf5 Qf6 19. Bxc5 dxc5 20. Na4 Re7 21. Nxc5 Rae8 22. Kf1 b6 23. Ne4 Qxf5 24. Qf2 {½-½ (36) Hammer,J (2651)-Ipatov,A (2652) Baku 2016}) 3. Bg2 Nc6 4. e3 e5 5. Ne2 f5 $146 ({Predecessor:} 5... Nf6 6. Nbc3 Be7 7. O-O O-O 8. h3 {½-½ (8) Kulon,K (2304)-Butkiewicz,L (2429) Zalakaros 2016}) 6. d3 {A10: English Opening: Unusual Replies for Black} g6 7. Nbc3 Nf6 8. Nd5 {White is slightly better.} Nxd5 (8... Bg7 {keeps more tension.} 9. O-O O-O 10. Rb1 Rb8 11. b3 Nxd5 12. cxd5 Nb4) 9. cxd5 Ne7 10. a4 Bg7 11. Bd2 O-O 12. Bc3 g5 13. f4 Ng6 14. O-O Qe7 15. Qd2 Bd7 16. fxg5 Qxg5 17. b4 Bh6 18. Rf3 b6 19. Qa2 Qe7 20. Kh1 Bg7 21. Raf1 (21. Rb1 $11) 21... Rac8 (21... e4 $1 $17 {[%cal Re4f3]} 22. dxe4 Bxc3 23. exf5 Bxf5 $1 {[%mdl 512]} 24. Rxf5 Rxf5 25. Rxf5 cxb4) 22. b5 Rf7 23. Bh3 Rcf8 24. Qc2 Qe8 25. Kg1 Bh6 {Hoping for ...e4.} 26. Bd2 $1 Qc8 27. Qc1 Qe8 28. Qc2 Qc8 29. Qc1 c4 30. Qxc4 Qxc4 31. dxc4 e4 32. R3f2 Ne5 33. Nd4 {[%cal Rh3f5]} Nxc4 34. Re1 Bg7 35. Bc1 Ne5 {White must now prevent ...Nd3.} 36. Ref1 Nd3 37. Rc2 Bxd4 38. exd4 Nb4 39. Rc7 Nxd5 40. Rxa7 Be6 $36 {[%mdl 2048] Black has good play.} 41. Rxf7 Rxf7 42. Ba3 Ne3 43. Rc1 Ra7 44. Bxd6 Rxa4 45. Bf4 Nd5 46. Rc6 (46. Bg5 $11) 46... Kf7 47. Bf1 (47. Bh6 $17 {keeps fighting.}) 47... Rxd4 (47... e3 $19 48. Rc1 Nxf4 49. gxf4 Rxd4) 48. Bg5 $15 Rd1 {...f4! is the strong threat.} (48... f4 $5 49. gxf4 Rd1 $15) 49. Rc1 $1 {[%cal Rc1d1]} Rd4 50. Rc6 e3 (50... f4 $15 51. gxf4 Rd1) 51. Bc4 (51. Be2 $5 {[%cal Re2h5]} Re4 52. Kf1 $16) 51... Rd1+ 52. Kg2 Rd2+ 53. Kg1 $2 {[#]} ({White must play} 53. Kf1 $1 $15) 53... Rd1+ $2 (53... f4 $1 $19 {[%cal Rf4f3][%mdl 512] And now ...f3 would win.} 54. gxf4 Bh3) 54. Kg2 $11 {The position is equal.} Rb1 (54... h6 $5 55. Bxh6 Rd2+ 56. Kg1 f4 57. gxf4 Bg4 58. Bxd5+ Rxd5 $17) 55. h4 Rb2+ 56. Kg1 Rb1+ 57. Kg2 Rb2+ 58. Kg1 Rb1+ 59. Kg2 Rb2+ {Precision: White = 45%, Black = 59%.} *

[Event "Emanuel Lasker Open 2017"]
[Site "Gorzow"]
[Date "2017.06.20"]
[Round "9"]
[White "Gigola, Jacek"]
[Black "Lukasiewicz, Krzysztof"]
[Result "0-1"]
[WhiteElo "1919"]
[BlackElo "2098"]
[Annotator "NA RC"]
[PlyCount "32"]
[EventDate "2017.??.??"]
[EventType "swiss"]
[EventCountry "POL"]
[SourceTitle "playchess.com"]
[Source "ChessBase"]
[SourceQuality "1"]
[TimeControl "40/5400+30:1800+30"]

{[%evp 14,32,88,96,97,96,142,133,166,18,164,133,174,66,75,-25,-47,-287,-268,-606,-644]} 1. d4 {[%emt 0:02:26]} Nf6 {[%emt 0:00:06]} 2. Nf3 {[%emt 0:00:07]} e6 {[%emt 0:00:03]} 3. Bf4 {[%emt 0:00:19]} c5 {[%emt 0:00:06]} 4. e3 {[%emt 0:00:12]} Qb6 {[%emt 0:00:03]} 5. Na3 {[%emt 0:00:44]} d5 {[%emt 0:02:09]} 6. Nb5 {[%emt 0:00:15]} Na6 {[%emt 0:00:15]} 7. a4 {[%emt 0:07:46]} c4 {[%emt 0:03:10]} (7... Be7 $14) 8. c3 {[%emt 0:03:37] LiveBook: 3 Games} Bd7 {[%emt 0:03:47]} 9. b3 {[%emt 0:03:48]} Bxb5 {[%emt 0:12:30]} 10. axb5 {[%emt 0:00:10]} Qxb5 {[%emt 0:00:02]} 11. Ne5 $2 {[%emt 1:06:34]} (11. bxc4 $18 dxc4 12. Ne5) 11... Rc8 {[%emt 0:11:40]} (11... Qxb3 $11 {and Black is okay.} 12. Qxb3 cxb3) 12. bxc4 {[%emt 0:00:23]} dxc4 {[%emt 0:00:23]} 13. Ra4 {[%emt 0:07:53]} Nb4 {[%emt 0:15:05]} 14. Nxc4 {[%emt 0:01:15]} ({Much weaker is} 14. cxb4 Bxb4+ 15. Ke2 g5 $15) ({White should play} 14. Rxa7 $14 Nc6 15. Nxc4 Nxa7 16. Nd6+ Bxd6 17. Bxb5+ Nxb5 18. Qa4) 14... Rxc4 {[%emt 0:00:41]} 15. Bxc4 $2 {[%emt 0:01:05]} (15. Rxa7 $15 Nc6 16. Ra8+ Kd7 17. Bd3 (17. Bxc4 Qxc4 18. Qc2 b5 $17)) 15... Qxc4 {[%emt 0:00:06]} 16. Rxb4 $19 {[%emt 0:00:53]} (16. cxb4 b5 17. f3 bxa4 18. Qxa4+ Nd7 19. Kf2) 16... Qxc3+ ({Less strong is} 16... Bxb4 17. Qa4+ Ke7 18. Qxb4+ Qxb4 19. cxb4 $15) 0-1

[Event "Emanuel Lasker Open 2017"]
[Site "Gorzow"]
[Date "2017.06.20"]
[Round "9"]
[White "Chyzy, Jakub"]
[Black "Gawronski, Miroslaw"]
[Result "1-0"]
[WhiteElo "1838"]
[BlackElo "2071"]
[Annotator "NA RC"]
[PlyCount "73"]
[EventDate "2017.??.??"]
[EventType "swiss"]
[EventCountry "POL"]
[SourceTitle "playchess.com"]
[Source "ChessBase"]
[SourceQuality "1"]
[TimeControl "40/5400+30:1800+30"]

{[%evp 20,57,42,9,43,1,16,13,33,0,34,14,306,332,378,457,564,387,543,544,748,323,322,322,381,381,32767,32767,503,517,661,547,853,435,1510,1300,1557,2036,1429,1560]} 1. e4 {[%emt 0:00:00]} c5 {[%emt 0:00:53]} 2. Nf3 {[%emt 0:00:00]} e6 {[%emt 0:00:39]} 3. d4 {[%emt 0:00:00]} cxd4 {[%emt 0:00:12]} 4. Nxd4 {[%emt 0:00:00]} a6 {[%emt 0:00:27]} 5. Bd3 {[%emt 0:00:04]} Qc7 {[%emt 0:00:22]} 6. O-O {[%emt 0:00:11]} Nf6 {[%emt 0:01:22]} 7. Kh1 {[%emt 0:00:11]} d6 {[%emt 0:03:34]} 8. f4 {[%emt 0:01:11]} b6 {[%emt 0:00:58] B42: Sicilian: Kan Variation: 5 Bd3} (8... Nbd7 9. Nd2 b6 10. Qe2 Bb7 11. c4 Be7 12. b3 h5 13. Bb2 h4 14. b4 h3 15. g4 Nf8 16. f5 e5 {1-0 (42) Fluvia Poyatos,J (2512)-Lopez Martinez,J (2545) Barcelona 2015}) 9. Nc3 {[%emt 0:01:09]} Bb7 {[%emt 0:01:11]} 10. Bd2 $146 {[%emt 0:04:49]} ({Predecessor:} 10. Qe2 Nbd7 11. Bd2 Be7 12. Rae1 Nc5 13. e5 Nfd7 14. f5 dxe5 15. fxe6 fxe6 {0-1 (35) Dobes,V (2220)-Senkyr,M (2134) Czech Republic 2017}) 10... b5 {[%emt 0:05:48]} 11. a3 {[%emt 0:00:58]} Nbd7 {[%emt 0:00:13]} 12. Qf3 {[%emt 0:03:23]} Be7 {[%emt 0:02:58]} 13. Rae1 {[%emt 0:02:16]} Nb6 {[%emt 0:03:34]} 14. Qh3 {[%emt 0:01:59]} Nc4 {[%emt 0:01:21]} 15. Bc1 {[%emt 0:01:31]} Nxa3 $2 {[%emt 0:05:54]} (15... Qc5 $11 {and Black has nothing to worry.} 16. Nf3 Nd7) 16. bxa3 {[%emt 0:00:16]} O-O-O {[%emt 0:00:28]} 17. Bd2 {[%emt 0:05:38]} h5 {[%emt 0:01:53]} 18. Be2 {[%emt 0:14:09]} g6 {[%emt 0:10:04]} 19. Rb1 {[%emt 0:17:51]} Ng4 {[%emt 0:05:52] [#]} 20. Bxg4 {[%emt 0:09:04]} (20. Ncxb5 $142 $1 axb5 21. Rxb5) 20... hxg4 {[%emt 0:00:20]} 21. Qxg4 {[%emt 0:03:23]} Rh4 {[%emt 0:01:34]} 22. Qe2 {[%emt 0:02:29]} Rdh8 {[%emt 0:01:57]} 23. h3 {[%emt 0:00:25]} Qc5 {[%emt 0:06:37]} 24. Qd3 {[%emt 0:04:48]} Qh5 {[%emt 0:04:46]} 25. Ncxb5 {[%emt 0:04:21]} axb5 {[%emt 0:19:20]} 26. Rxb5 {[%emt 0:00:14]} (26. Rf3 $142) 26... Qg4 {[%emt 0:00:18]} (26... Rxh3+ $142 27. Qxh3 Qxh3+ 28. gxh3 Rxh3+ 29. Kg2 Rxa3) 27. Qc4+ Kd8 {[%emt 0:00:44]} 28. Rxb7 {[%emt 0:12:02]} Rxh3+ {[%emt 0:05:00]} 29. Kg1 $18 {[%emt 0:00:04]} Rh1+ {[%emt 0:03:12]} 30. Kf2 {[%emt 0:00:05]} Rxf1+ {[%emt 0:01:12]} 31. Qxf1 {[%emt 0:01:37]} Bf6 {[%emt 0:04:47]} 32. Nf3 {[%emt 0:05:34]} Ke8 {[%emt 0:01:38]} 33. e5 {[%emt 0:02:16]} dxe5 {[%emt 0:04:42]} 34. Rb8+ {[%emt 0:00:28]} Bd8 {[%emt 0:00:38]} 35. Bb4 {[%emt 0:01:02]} f5 {[%emt 0:02:12]} 36. Qb5+ {[%emt 0:00:13]} Kf7 {[%emt 0:00:14]} 37. Qd7+ {[%emt 0:00:05]} 1-0